Mon 200ème quiz - Récapitulatif - Statistiques

Statistiques générales
  • Ce quiz a été pris 53 fois
  • Le résultat moyen est 20 sur 40
Statistiques - réponses
Indice Réponse % Correct
Afrique (99%) Sahara
96%
Chiens (92%) Berger allemand
91%
Oiseau (88%) Colibri
83%
Haute-Garonne (100%) Canal du {Midi}
81%
Chats (90%) Siamois
79%
Es-tu arrivé(e) jusqu'au bout ? Oui !
74%
Toulouse (85%) Place du {Capitole}
72%
Préfecture de France B Bar-le-Duc | Basse-Terre | Bastia | Beauvais | Belfort | Besançon | Blois | Bobigny | Bordeaux | Bourg-en-Bresse | Bourges
70%
Préfecture de France L Laon | Laval | Lille | Limoges | Lons-le-Saunier | Lyon
70%
Préfecture de France N Nancy | Nanterre | Nantes | Nevers | Nice | Nîmes | Niort
70%
E (94%) Etretat
68%
Préfecture de France R Rennes | La Roche-sur-Yon | La Rochelle | Rodez | Rouen
68%
Préfecture de France T Tarbes | Toulon | Toulouse | Tours | Troyes | Tulle
68%
Suède (64%) Alfred Nobel
64%
Préfecture de France O / Q Orléans | Quimper
62%
C (79%) Carcassonne
60%
Fleuve le plus proche de Dijon Seine
60%
Préfecture de France D Dijon | Digne-les-Bains
57%
Département Plus de vaches que d'habitants Creuse | Cantal | Lozère | Mayenne
55%
Nommez un département qui n'est, ni frontalier d'une autre région, ni du littoral. Charente | Paris | Hauts-de-Seine | Seine-Saint-Denis | Tarn | Val-de-Marne
53%
Mars (81%) Seul sur Mars
53%
A (83%) Annecy
51%
Ariège (100%) Foix
49%
Préfecture de France F Foix | Fort-de-France
45%
Danemark (72%) Lego
45%
Algérie (65%) Atlas
43%
Australie (43%) Mont Uluru
43%
D (91%) Dijon
40%
Département Le plus de porcins Finistère | Côtes-d'Armor | Ille-et-Vilaine | Morbihan
40%
Antarctique (60%) Pôle Sud
38%
Félin (43%) Serval
34%
Var (45%) Saint-Raphaël
30%
B (63%) Bayonne
26%
Département qui augmente le plus vite en population (en %) Haute-Garonne | Hérault | Loire-Atlantique | Gironde
23%
Département Le plus d'ovins Aveyron | Pyrénées-Atlantiques | Tarn | Lot
21%
Biarritz (68%) Rocher de la Vierge
17%
Scandinavie (64%) Bergen
15%
Départements (48%) Meurthe-et-Moselle | Moselle
13%
Tarn-et-Garonne (70%) Moissac
13%
Ville de Haute-Garonne (23%) Martres-Tolosane
6%
Aucun quiz correspondant
Distribution des résultats
% des personnes avec chaque résultat
Percentile par nombre de réponses
Votre historique - résultats
Vous n’avez pas pris ce quiz